000 01003cam a2200289 a 4500
001 1793
003 BD-RjUL
005 20211208233419.0
008 131209s2006 nyua b 001 0 eng
020 _a9780195687507
035 _a(BD-RjUL)1820
040 _aDLC
_cDLC
_dDLC
_dBD-RjUL
_beng
041 _aeng
082 0 0 _a302.2
_222
_bADU 2006
100 1 _aAdler, Ronald B.
_q(Ronald Brian),
_d1946-
_95934
245 1 0 _aUnderstanding human communication /
_cRonald B. Adler, George Rodman.
250 _a9th ed.
260 _aNew York :
_bOxford University Press,
_cc2006.
300 _axvi, 522 p. :
_bill. (some col.) ;
_c26 cm. +
650 0 _aCommunication.
_95935
700 1 _aRodman, George R.,
_d1948-
_95936
856 4 2 _3Publisher description
_uhttp://www.loc.gov/catdir/enhancements/fy0636/2005276166-d.html
856 4 1 _3Table of contents only
_uhttp://www.loc.gov/catdir/enhancements/fy0636/2005276166-t.html
942 _2ddc
_cBK
_01
999 _c1793
_d1793